000 01286cam a22003011i 4500
003 OSt
005 20251006084210.0
006 m g d             
008 251003s2001 ua g 000 0 ara c
040 _aSA-MaUQU
_bara
_cSA-RiAUC
_erda
082 0 4 _a235
_qSA-RiAUC
090 _a235
_bج م ع
110 2 _aجمعية المكنز الإسلامي
_eمؤلف.
245 1 0 _aمقدمة موسوعة الحديث الشريف :
_bجمع جوامع الأحاديث والأسانيد ومكنز الصحاح والسنن والمسانيد /
_cجمعية المكنز الإسلامي.
264 1 _aالقاهرة :
_bجمعية المكنز الإسلامي،
_c[2001]
300 _a132 صفحة ؛
_c24 سم +
_ecd
300 _a148 ورقة ؛
_c30 سم. +
_eقرص مليزر
336 _aنص
_btxt
_2rdacontent
_3كتاب
336 _aنص
_btxt
_2rdacontent
_3قرص كمبيوتر
337 _aبدون وسيط
_bn
_2rdamedia
337 _aكمبيوتر
_bc
_2rdamedia
338 _aمجلد
_bnc
_2rdacarrier
338 _aقرص كمبيوتر
_bcd
_2rdacarrier
650 7 _aالحديث
_xالكتب الستة
_2aucsh
650 7 _aالحديث
_xالمسانيد
_2aucsh
942 _2ddc
_cBOOK
_n0
949 _aSA-JeALM
_d251003
_umohamedma123
_n1
999 _c12415
_d12415